000 00452nam a2200181Ia 4500
001 10392
005 20260306161829.0
008 260306t2005||||xx |||||||||||||| ||spa||
041 _aESP
082 _a923.1
_bA68
100 _aArce Espinoza, Mario Rommel
_eAUT
245 0 _aLibro homenaje a José Luis Bustamante y Rivero
260 _c2005
300 _a254 páginas :
_c21 cm.
650 _aGEN
654 _aCHU
942 _cLIB
_dJUS
_fJUS
_2ddc
_n
999 _c10392
_d10392